Majetok obce a osobitosti pri hospodárení s ním

Vymedzenie majetku obce podľa zákona č. 138/1991 Zb. o majetku obcí. Klasifikácia majetku obce. Obec ako právnická osoba. Obec vs. obchodná spoločnosť. Obec a vlastnícke práva.

Uložené v:
Podrobná bibliografia
Hlavný autor: Říha, Juraj
Médium: Kapitola
Jazyk:Slovak
Predmet:
Tagy: Pridať tag
Žiadne tagy, Buďte prvý, kto otaguje tento záznam!

MARC

LEADER 00000naa a2200000 4500
001 0173634
005 20231208082940.6
041 0 |a slo 
044 |a SK 
245 1 0 |a Majetok obce a osobitosti pri hospodárení s ním  |c Juraj Říha 
520 |a Vymedzenie majetku obce podľa zákona č. 138/1991 Zb. o majetku obcí. Klasifikácia majetku obce. Obec ako právnická osoba. Obec vs. obchodná spoločnosť. Obec a vlastnícke práva. 
610 2 0 |a obce 
610 2 0 |a majetok 
610 2 0 |a Slovensko 
610 2 0 |a vlastníctvo obecné 
100 1 |a Říha, Juraj